000 00652cam a2200145 4500500
005 20260208010539.0
041 _afre
042 _adc
100 1 0 _aBalansard, Anne
_eauthor
245 0 0 _aAndré Laks et Claire Louguet (éd.), Qu’est-ce que la philosophie présocratique ?, avec Index des noms et des passages, Villeneuve-d’Ascq, Presses Universitaires du Septentrion, 2002, 550 p.
260 _c2005.
500 _a18
786 0 _nRevue philosophique de la France et de l'étranger | 130 | 1 | 2005-03-01 | p. 77x-130x | 0035-3833
856 4 1 _uhttps://shs.cairn.info/revue-philosophique-2005-1-page-77x?lang=fr&redirect-ssocas=7080
999 _c1657062
_d1657062